MDQL
is popping MORE tags! Check the
thread
!
Quizzes
Events
Quiz Creation
Community
Videos
Private Events
Remove Ads
Sign In
Join for FREE
Feedback
Dark Mode
Quiz Categories
Sports
Geography
Music
Movies
Television
Just For Fun
Miscellaneous
History
Literature
Language
Science
Gaming
Entertainment
Religion
Holiday
For Kids
Quiz Lab
Recent
Popular Today
Quiz Kudos Today
Editor Picks
Curator Picks
Quizzes by...
Day
Popularity
Type
Ratings
Length
Year
Community
Subscriptions
Recent Discussions
Orange Saloon
Badges
Playlists
Quests
Create
Leaderboards
Showdown
Live 5
Trivia Bingo
Activity
Puzzle Library
Sporcle Events
Private Events
Virtual Trivia
Globe League
Become a Host
Pub Owners
SporcleCon
Opinionation
Our Games
Videos
Blog
Mobile Apps
Partnerships
Remove Ads and Go Orange
Feedback
Sports
Athletes
MLB
NBA
NHL
NFL
Soccer
Sports Teams
WWE
NCAA
Football
Premier League
Basketball
Baseball
Hockey
Golf
Tennis
Cricket
Rugby
Auto Racing
Olympics
World Cup
Sports
Athletes
MLB
NBA
NHL
NFL
Soccer
Sports Teams
WWE
NCAA
Football
Premier League
Basketball
Baseball
Hockey
Golf
Tennis
Cricket
Rugby
Auto Racing
Olympics
World Cup
Random Quiz
Search Sporcle
×
Quiz Lab
Quiz Lab
Sports
Euro 2012
Type in answers that appear in a list
Type in answers that appear in a list
Classic
Best Score? Go Orange.
Euro 2012 Game Scores Stats
Can you name the Euro 2012 Game Scores?
By
Peakey
3m
31 Questions
173 Plays
173 Plays
173 Plays
Comments
Comments
Give Quiz Kudos
Give Quiz Kudos
-
- Ratings
hide this ad
Forced Order
Answers have to be entered in order
Answers have to be entered in order
Replay
Link that replays current quiz
Next Quiz
Link to next quiz in quiz playlist
You Got
0%
They Got
Avg Score
67%
Avg Friend Score
Upgrade to see
Score Distribution
Jump to the score distribution portion of the page
Score
0/31
Timer
03:00
0
Plays Today
Game
Score
% Correct
Poland vs Greece
1-1
97.1%
Spain vs Italy
1-1
94.2%
France vs England
1-1
94.2%
Netherlands vs Denmark
0-1
92.5%
Germany vs Portugal
1-0
90.8%
Ireland vs Croatia
1-3
90.8%
Ukraine vs Sweden
2-1
90.8%
Spain vs Ireland
4-0
89.6%
Russia vs Czech Republic
4-1
89%
Ukraine vs France
0-2
88.1%
England vs Sweden
3-2
88.1%
Netherlands vs Germany
1-2
87.3%
Italy vs Croatia
1-1
87.3%
Greece vs Czech Republic
1-2
86.7%
Poland vs Russia
1-1
86.1%
Denmark vs Portugal
2-3
82.7%
Game
Score
% Correct
Greece vs Russia
1-0
79.5%
Czech republic vs Poland
1-0
78.8%
Portugal vs Netherlands
2-1
76.9%
Italy vs Ireland
2-0
74.4%
England vs Ukraine
1-0
74.4%
Czech republic vs Portugal
0-1
73%
Portugal vs Spain
0-0 (2-4P)
72.8%
Germany vs Italy
1-2
71.7%
Spain vs Italy
4-0
71.7%
England vs Italy
0-0 (2-4P)
71%
Denmark vs Germany
1-2
70.9%
Croatia vs Spain
0-1
70.1%
Germany vs Greece
4-2
70%
Spain vs France
2-0
69%
Sweden vs France
2-0
68.4%
Quiz Playlist
Details
Report
Send in Message
Add To Playlist
Classic:
Type in answers that appear in a list
Forced Order:
Answers have to be entered in order
Last Updated: Feb 16, 2017
Quiz Scoreboard
CHALLENGE
Sign Up to Join the Scoreboard
Show All
Scores
Hide
Comments
May contain spoilers
Recently Published
1-10 Letter E Words III
by El_Dandy
Language
2m
Street Fighter Characters
by Artimus82
Gaming
60s
College Basketball Coaching Resumes
by pancakes188
Sports
9m
More to Explore
Quiz From the Vault
Featured Blog Post
Where Did the Easter Bunny Come From?
hide this ad
You Might Also Like...
Tags
2012
Euro 2012
score
stage
Today's Top Quizzes in Sports
Browse Sports
hide this ad
Today's Top Quizzes in Euro 2012
Browse Euro 2012
Top Contributed Quizzes in Sports
1
2022 World Cup Stars
2
Les meilleurs buteurs des matchs entre le PSG et l’OM
3
FIFA Club World Cup Champions
4
Les entraîneurs de l'OM et du PSG au 21e siècle
5
Criteria MLB: Left Handed Sluggers
6
2023 MLB Unique Player Accomplishments
7
AFC Teams Reveal (Wrong Answers Minefield)
8
Players with Multiple 50 Home Run Seasons
9
5-to-1: FBS Animal Nicknames
10
5-to-1: UK Sports Teams
Explore More
Trending Topics
NBA
Disney
Marvel
Anime
Crossword
Kpop
Harry Potter
Country
Soccer
The Office
Song
Puzzle
NFL
WWE
Pokémon
hide this ad
More By:
Peakey
Quiz
Plays
Rating
Category
Featured
Created
History: What Happened First?
710
4.75
History
Oct 21, 2011
Common German Verbs English to German
463
4.67
Language
Jul 29, 2011
LOTR Complete the Sentence
189
1.80
Movies
Jul 30, 2011
Euro 2012 Game Scores
173
5.00
Sports
Jun 14, 2012
A-Z of Words used by Tolkien
144
5.00
Literature
Sep 19, 2011
Go to Creator's Profile
Score Distribution
Quiz Creator Spotlight
Peakey
Follow
Send a Message
Quizzes Created
-
Created Quiz Play Count
-
More By This Creator
Popular Quizzes Today
1
Find the US States - No Outlines Minefield
2
Find the Countries of Europe - No Outlines Minefield
3
The Countries of the World
4
Find the US States
5
Risky Map Clicking: Biggest States A-Z
6
US States
7
Popular People in 1961
8
Movies - When Are They Set?
More Sports Quizzes
Monaco Grand Prix F1 winners
Quiz Lab
Trending Quizzes
Risky Map Clicking: Least Populous States A-Z
Billboard Blitz: Aretha Franklin
Famous Russians: Author or Composer?
Countries of the World: 200 Million BC
1-10 Letter G Words
Recently Updated
Leaping Animals
pecheneg
Reality TV Shows (A-Z)
bhenderson79
Rickey Henderson's Hall of Fame Teammates
pecheneg
Champions League XIs: Arsenal
pecheneg
Quick Pick: Celebrities in WWE's Hall of Fame
aduchscher
A-Z Keypad Blitz II
pecheneg
Multiple Oscar Actors
pecheneg
Mystery Phrase Blitz: Oscar 'Best Actors'
pecheneg
F. Scott Fitzgerald Novels
LTH
Pick 3 Villains
ddd62291
Trending Topics
Crossword
Disney
Marvel
NBA
Kpop
Anime
Harry Potter
Puzzle
The Office
Song
Country
WWE
Soccer
Pokémon
NFL
Your Account Isn't Verified!
In order to create a playlist on Sporcle, you need to verify the email address you used during registration. Go to your
Sporcle Settings
to finish the process.
Report this User
Report this user for behavior that violates our
Community Guidelines
.
Details:
Send Report
Go to the Sporcle.com Mobile Site →
Comments